00813cam a22002291 4500001000400000003000800004005001700012008004100029035001400070035001900084040003000103041000800133082002200141111006100163245015600224260003400380300004000414504002900454650003600483700002400519710004000543350BD-RjUL20211208233149.0750619s1961 enka b 100 0 eng  a(BD-RjUL) a(OCoLC)1400711 aDLCcOTUdOCoLCdDLCbeng aeng a006216bINF 19612 aSymposium on Information Theoryn(4th :d1960 :cLondon)00aInformation theory:bpapers read at a symposium ... held at the Royal Institution, London, August 29th to September 2nd 1960 /cEdited by Colin Cherry. aLondon,bButterworths,c1961. axi, 476 p.billus., diagrs.c26 cm. aIncludes bibliographies. 0aInformation theoryvCongresses.1 aCherry, Colin,eed.2 aRoyal Institution of Great Britain.